Atlas da globalização (Registo nº 566)

Detalhes MARC
000 -Etiqueta do registo
Cabeçalho 01136nam a2200349 4500
005 - Identificador da versão
Campo de controlo 20240822124405.0
010 ## - Número internacional normalizado dos livros (ISBN)
Número (ISBN) 9728610165
021 ## - Número do Depósito Legal
Código do país PT
Número 200192/03
035 ## - Other System Control Numbers
System Control Number 0000589
System Control Number 0000585
System Control Number 0000585
System Control Number 0000575
100 ## - Dados gerais de processamento
Dados gerais de processamento 20040628d2003 m y0pory5003 ba
101 1# - Língua de publicação
Língua do texto, banda sonora, etc. Português
Língua do documento no original Francês
102 ## - Pais de publicação ou produção
País de publicação Portugal
105 ## - Campo de dados codificados: livros
Dados codificados dos livros a z 100yy
106 ## - Campo de dados codificados: material textual
Dados codificados do material textual r
200 1# - Titulo e menção de responsabilidade
Título próprio Atlas da globalização
Informação de outro título le monde diplomatique
Primeira menção de responsabilidade dir. Alain Gresh...[et al.]
Outras menções de responsabilidade pref. Ignacio Ramonet
-- cartografia Philippe Rekacewicz
-- trad. Elsa Neves, Júlio Henriques
210 ## - Publicação, Distribuição, etc. 
Lugar da edição, distribuição, etc. Lisboa
Nome do editor, distribuidor, etc. Campo da Comunicação
Data da publicação, distribuição, etc. 2003
215 ## - Descrição física 
Indicação específica da natureza do documento e extensão da espécie 191, [1] p.
Outras indicações físicas il.
Dimensões 31 cm
304 ## - Notas relativas a título e menção de responsabilidade 
Texto da nota Tít. orig.: L'atlas du monde diplomatique
675 ## - Classificação Decimal Universal (CDU)
Notação 327"1989/..."(084.4)
Edição BN
Língua da edição por
Notação 911.3(4/9)"1989/..."(084.4)
Edição BN
Língua da edição por
Notação 339.94(4/9)"1989/..."(084.4)
Edição BN
Língua da edição por
702 #1 - Nome de autor-pessoa física (responsabilidade secundária)
Número de registo de entrada de autoridade 0000655
Palavra de ordem Gresh
Outra parte do nome não tomada para palavra de ordem Alain
Código de função Diretor / Director teatral / Realizador
Número de registo de entrada de autoridade 0000656
Palavra de ordem Ramonet
Outra parte do nome não tomada para palavra de ordem Ignacio
Código de função Autor da introdução / Prefaciador
Número de registo de entrada de autoridade 0000657
Palavra de ordem Rekacewicz
Outra parte do nome não tomada para palavra de ordem Philippe
Código de função Cartógrafo
Número de registo de entrada de autoridade 0000658
Palavra de ordem Neves
Outra parte do nome não tomada para palavra de ordem Elsa Castro
Código de função Tradutor
Número de registo de entrada de autoridade 0000659
Palavra de ordem Henriques
Outra parte do nome não tomada para palavra de ordem Júlio
Código de função Tradutor
942 ## - Elementos de entrada adicionados (Koha)
Tipo de item no Koha Livro
Exemplares
Situação do levantamento Origin of item (home branch) (coded) Biblioteca de empréstimo Código de barras Cota Circulation type (not for loan) Tipo de documento Nota do exemplar Damaged status
  Biblioteca Escolar Eng. Nuno Mergulhão Biblioteca Escolar Eng. Nuno Mergulhão BENM983 9GEO GRE   Cativo Sem mensagem